[Event "18e open International de Saint Affrique"]
[Site "Saint Affrique"]
[Date "2010.07.26"]
[Round "3.2"]
[White "Gozzoli, Yannick"]
[Black "Remille, Tristan"]
[Result "1-0"]
[WhiteElo "2520"]
[BlackElo "2215"]
[PlyCount "55"]
[EventDate "2010.??.??"]

1. d4 d5 2. Nf3 Nf6 3. c4 dxc4 4. e3 e6 5. Bxc4 c5 6. O-O a6 7. Bd3 Nc6 8. Nc3
cxd4 9. exd4 Be7 10. a3 O-O 11. Re1 b5 12. Bg5 h6 13. Bh4 Ra7 14. Qd2 Rd7 15.
Rad1 b4 16. axb4 Nxb4 17. Bb1 Bb7 18. Ne5 Rc7 19. Re3 Nbd5 20. Rg3 Nxc3 21.
bxc3 Kh8 22. Qe2 Qd5 23. c4 Qa5 24. Rh3 Qa4 25. Bc2 Qe8 26. Bxf6 Bxf6 {#} 27.
Rxh6+ gxh6 28. Qd3 1-0

[Event "18e open International de Saint Affrique"]
[Site "Saint Affrique"]
[Date "2010.07.26"]
[Round "3.4"]
[White "Grill, Marc"]
[Black "Le Roux, Jean-Pierre"]
[Result "0-1"]
[WhiteElo "2193"]
[BlackElo "2495"]
[PlyCount "44"]
[EventDate "2010.??.??"]

1. e4 e5 2. Nf3 Nc6 3. Nc3 Nf6 4. d4 exd4 5. Nxd4 Bb4 6. Nxc6 bxc6 7. Bd3 d5 8.
exd5 O-O 9. O-O cxd5 10. Bg5 c6 11. Na4 h6 12. Bf4 Bg4 13. Qc1 Re8 14. c3 Bd6
15. f3 Be6 16. b4 a5 17. a3 d4 18. cxd4 Bxf4 19. Qxf4 axb4 20. axb4 g5 21. Qd2
Qxd4+ 22. Kh1 Bf5 0-1

[Event "18e open International de Saint Affrique"]
[Site "Saint Affrique"]
[Date "2010.07.26"]
[Round "3.5"]
[White "Libiszewski, Fabien"]
[Black "Chaplin, Erik"]
[Result "1-0"]
[WhiteElo "2488"]
[BlackElo "2142"]
[PlyCount "49"]
[EventDate "2010.??.??"]

1. e4 e5 2. Nf3 Nc6 3. Bb5 d6 4. d4 Bd7 5. Nc3 exd4 6. Nxd4 g6 7. Be3 Bg7 8.
Bxc6 bxc6 9. Qd2 Nf6 10. Bh6 Bxh6 11. Qxh6 Ng4 12. Qd2 Qh4 13. g3 Qh3 14. f4
O-O 15. O-O-O Rfe8 16. Nf3 Rad8 17. Ng5 Qh6 18. h3 Nf6 19. g4 Qg7 20. Rhe1 Nxg4
21. hxg4 Bxg4 22. Rh1 Bxd1 23. Rxh7 Qxh7 24. Nxh7 Kxh7 25. Qxd1 1-0

[Event "18e open International de Saint Affrique"]
[Site "Saint Affrique"]
[Date "2010.07.26"]
[Round "3.6"]
[White "Colin, Vincent"]
[Black "Matrand, Arnaud"]
[Result "1-0"]
[WhiteElo "2425"]
[BlackElo "2130"]
[PlyCount "79"]
[EventDate "2010.??.??"]

1. d4 Nf6 2. c4 e6 3. Nc3 Bb4 4. e3 b6 5. Nge2 Bb7 6. a3 Bxc3+ 7. Nxc3 d5 8.
cxd5 exd5 9. Bd3 O-O 10. O-O Nbd7 11. b4 c6 12. a4 a5 13. bxa5 Rxa5 14. Bd2 Ba6
15. Nb5 cxb5 16. Bxa5 bxa5 17. axb5 Bc8 18. Qa4 Nb6 19. Qxa5 Qd6 20. Rfc1 Ng4 {
#} 21. h3 Qh2+ 22. Kf1 Qh1+ 23. Ke2 Qxg2 24. hxg4 Bxg4+ 25. Kd2 Qxf2+ 26. Kc3
Nc4 27. Bxc4 Rc8 28. Kb3 dxc4+ 29. Ka3 Bf3 30. Qc3 Qh2 31. Rc2 Qd6+ 32. Kb2 Be4
33. Rd2 Qd7 34. Ra5 Bd3 35. Ka1 Qf5 36. Rb2 Rb8 37. b6 Qd7 38. b7 h6 39. Ra8
Qd8 40. Qa5 1-0

[Event "18e open International de Saint Affrique"]
[Site "Saint Affrique"]
[Date "2010.07.26"]
[Round "3.7"]
[White "Sanchez, Nicolas"]
[Black "Bedouin, Xavier"]
[Result "0-1"]
[WhiteElo "2162"]
[BlackElo "2403"]
[PlyCount "74"]
[EventDate "2010.??.??"]

1. d4 d5 2. c4 e6 3. Nc3 Be7 4. Nf3 Nf6 5. Bg5 O-O 6. e3 h6 7. Bh4 b6 8. cxd5
Nxd5 9. Bxe7 Qxe7 10. Nxd5 exd5 11. Rc1 Be6 12. Qa4 c5 13. Qa3 Rc8 14. Be2 a5
15. O-O Qa7 16. dxc5 bxc5 17. Nd2 Nd7 18. e4 Qb7 19. exd5 Bxd5 20. Bf3 Ne5 21.
Bxd5 Qxd5 22. Nf3 Nxf3+ 23. gxf3 Ra6 24. Rfd1 Qh5 25. Kh1 Rf6 26. Rc3 Rf4 27.
Qxa5 Rh4 28. Rd8+ {#} 28... Kh7 29. f4 Rxh2+ 30. Kg1 Rh1+ 31. Kg2 Qh2+ 32. Kf3
Qh3+ 33. Ke4 Qe6+ 34. Kf3 Qh3+ 35. Ke4 Qg2+ 36. Ke5 Rh5+ 37. f5 Qxf2 0-1

[Event "18e open International de Saint Affrique"]
[Site "Saint Affrique"]
[Date "2010.07.26"]
[Round "3.8"]
[White "Lejarre, Ludovic"]
[Black "Mania, Clement"]
[Result "1-0"]
[WhiteElo "2385"]
[BlackElo "2127"]
[PlyCount "125"]
[EventDate "2010.??.??"]

1. e4 e5 2. d4 exd4 3. Qxd4 Nc6 4. Qe3 Nf6 5. Nc3 Bb4 6. Bd2 O-O 7. O-O-O Re8
8. Qg3 Rxe4 9. a3 Bd6 10. f4 Re8 11. Bd3 Bf8 12. Nf3 d5 13. Rhe1 Rxe1 14. Rxe1
Ne7 15. Ne5 c6 16. Qf3 Bf5 17. g4 Bxd3 18. Nxd3 d4 19. Ne4 Nxe4 20. Qxe4 Qd5
21. Bb4 Qxe4 22. Rxe4 Nd5 23. Rxd4 Nxb4 24. axb4 a5 25. bxa5 Rxa5 26. Kb1 f5
27. g5 Rd5 28. Ra4 Rd7 29. Ra8 g6 30. Ne5 Rc7 31. Rd8 Kg7 32. Kc1 Be7 33. Rd3
Bc5 34. Kd2 Re7 35. Ke2 Bb6 36. Kf3 Bc7 37. Nd7 Re8 38. Nf6 Rd8 39. Rb3 b6 40.
Rc3 c5 41. Ra3 Bb8 42. Ra8 h6 43. h4 hxg5 44. hxg5 Kf7 45. c4 Ke6 46. Nd5 b5
47. b3 bxc4 48. bxc4 Kd7 49. Ra6 Bd6 50. Ra7+ Kc6 51. Rg7 Ra8 52. Rxg6 Ra3+ 53.
Ne3 Kd7 54. Rf6 Ra1 55. Rxf5 Rh1 56. Ke4 Rg1 57. Rf7+ Ke8 58. Rb7 Be7 59. Nd5
Bd6 60. Kf5 Kf8 61. g6 Kg8 62. Nf6+ Kf8 63. Rf7# 1-0

[Event "18e open International de Saint Affrique"]
[Site "Saint Affrique"]
[Date "2010.07.26"]
[Round "3.9"]
[White "Gertosio, Franck"]
[Black "Kukov, Velislav"]
[Result "1-0"]
[WhiteElo "2130"]
[BlackElo "2381"]
[PlyCount "137"]
[EventDate "2010.??.??"]

1. e4 c6 2. d4 d5 3. f3 e6 4. Nc3 Nf6 5. e5 Nfd7 6. f4 b6 7. Nf3 Ba6 8. Bxa6
Nxa6 9. O-O Be7 10. f5 Nf8 11. Ne2 Qd7 12. Nf4 exf5 13. e6 Nxe6 14. Nxe6 Qxe6
15. Re1 Qd7 16. Qe2 Nc7 17. Ne5 Qe6 18. Nxc6 Qxe2 19. Rxe2 Ne6 20. c4 Rd8 21.
Nxd8 Kxd8 22. Be3 Kd7 23. cxd5 Nc7 24. Rf1 g6 25. g4 Nxd5 26. gxf5 g5 27. Bf2
Bf6 28. Bg3 Rc8 29. Be5 Bd8 30. f6 b5 31. Rf3 Rc6 32. Ref2 Bb6 33. Rh3 Rc1+ 34.
Kg2 Ke6 35. Re2 Ra1 36. a3 Ra2 37. Rxh7 Nc3 38. d5+ Nxd5 39. Kf3 Kf5 40. Rxf7
Ra1 41. Rd7 Nxf6 42. Rf7 Bd8 43. Bxf6 Bxf6 44. Rxa7 Bd4 45. Rb7 Rf1+ 46. Kg3
Rg1+ 47. Kh3 g4+ 48. Kh4 Kg6 49. Re6+ Bf6+ 50. Rxf6+ Kxf6 51. Rxb5 Ke6 52. a4
Kd6 53. b4 Rg2 54. a5 Kc6 55. Rb6+ Kc7 56. b5 Rxh2+ 57. Kxg4 Rg2+ 58. Kf4 Rf2+
59. Ke4 Re2+ 60. Kd4 Rd2+ 61. Kc3 Rd1 62. Rc6+ Kb7 63. a6+ Kb8 64. Kb4 Ka7 65.
Rc7+ Kb8 66. Rh7 Rg1 67. Ka5 Rb1 68. Rb7+ Ka8 69. Rd7 1-0

[Event "18e open International de Saint Affrique"]
[Site "Saint Affrique"]
[Date "2010.07.26"]
[Round "3.10"]
[White "Laplanche, Denis"]
[Black "Mladenov, Plamen"]
[Result "0-1"]
[WhiteElo "2123"]
[BlackElo "2363"]
[PlyCount "68"]
[EventDate "2010.??.??"]

1. d4 Nf6 2. c4 g6 3. Nc3 d5 4. Nf3 Bg7 5. g3 O-O 6. Bg2 c5 7. O-O cxd4 8. Nxd4
e5 9. Ndb5 d4 10. Nd5 Nxd5 11. cxd5 a6 12. Na3 f5 13. Qb3 Nd7 14. Bd2 Nc5 15.
Qc4 Ne4 16. Bb4 Rf7 17. Rfc1 b5 18. Qb3 Bh6 19. d6 Bxc1 20. Rxc1 Bd7 21. Qd5
Rc8 22. Rc2 a5 23. Be1 b4 24. Rxc8 Qxc8 25. Nc4 Nf6 26. Qa8 Rf8 27. Qxc8 Rxc8
28. Nxe5 Rc1 29. Kf1 Bb5 30. f4 Ng4 31. d7 Bxd7 32. Nxd7 Nxh2+ 33. Kg1 Ng4 34.
Bd5+ Kg7 0-1

[Event "18e open International de Saint Affrique"]
[Site "Saint Affrique"]
[Date "2010.07.26"]
[Round "3.11"]
[White "Milchev, Nikolay"]
[Black "Decroix, Paloan"]
[Result "0-1"]
[WhiteElo "2360"]
[BlackElo "2108"]
[PlyCount "82"]
[EventDate "2010.??.??"]

1. c4 e5 2. Nc3 Nc6 3. g3 g6 4. Bg2 Bg7 5. e3 d6 6. Nge2 f5 7. d3 Nf6 8. Rb1 a5
9. a3 O-O 10. b4 axb4 11. axb4 Ne7 12. O-O c6 13. b5 Kh8 14. Qb3 Be6 15. Ba3
Qd7 16. Rfd1 g5 17. Na4 Rad8 18. bxc6 bxc6 19. d4 e4 20. Nb6 Qe8 21. d5 cxd5
22. cxd5 Bg8 23. Nc3 Qg6 24. h3 f4 25. exf4 gxf4 26. Ne2 Nh5 27. gxf4 Rxf4 28.
Bb2 Rf3 29. Bxg7+ Nxg7 30. Qb2 Rdf8 31. Rf1 Rxh3 32. Ng3 Rh4 33. Rbe1 Rff4 34.
Qd4 Nef5 35. Nxf5 Qxf5 36. Re3 Rhg4 37. Rg3 h5 38. Re1 Bh7 39. Ree3 Rxf2 40.
Rc3 Re2 41. Bh3 {#} 41... e3 0-1

[Event "18e open International de Saint Affrique"]
[Site "Saint Affrique"]
[Date "2010.07.26"]
[Round "3.26"]
[White "Cabanes, Kim"]
[Black "Dussol, Pierre"]
[Result "1-0"]
[WhiteElo "1968"]
[BlackElo "2216"]
[PlyCount "91"]
[EventDate "2010.??.??"]

1. d4 d6 2. e4 Nf6 3. Bd3 e5 4. d5 Be7 5. f4 Bg4 6. Nf3 Nbd7 7. h3 Bxf3 8. Qxf3
exf4 9. Bxf4 O-O 10. Nd2 Ne8 11. O-O-O Bg5 12. g3 Ne5 13. Bxe5 dxe5 14. h4
Bxd2+ 15. Rxd2 Qe7 16. g4 Rc8 17. g5 Nd6 18. Rg2 c5 19. dxc6 bxc6 20. h5 c5 21.
c3 Qe6 22. Bb1 Rb8 23. Rf1 a5 24. h6 g6 25. Qf6 Qxf6 26. Rxf6 Rfd8 27. Rd2 Ne8
28. Rxd8 Rxd8 29. Rc6 f6 30. gxf6 Kf7 31. a4 Rd6 32. Rxc5 Kxf6 33. Rxa5 g5 34.
Ra8 Ke7 35. Ra7+ Rd7 36. Rxd7+ Kxd7 37. Kd2 Nf6 38. a5 Kc6 39. b4 Ng8 40. Ba2
Nxh6 41. Bd5+ Kc7 42. Be6 g4 43. Ke2 Kd6 44. a6 Kc7 45. b5 Kb6 46. c4 1-0

[Event "18e open International de Saint Affrique"]
[Site "Saint Affrique"]
[Date "2010.07.26"]
[Round "4.1"]
[White "Degraeve, Jean-Marc"]
[Black "Saada, Julien"]
[Result "1-0"]
[WhiteElo "2569"]
[BlackElo "2304"]
[PlyCount "53"]
[EventDate "2010.??.??"]

1. e4 c6 2. Ne2 d5 3. e5 g6 4. d4 Bg7 5. h4 f6 6. exf6 exf6 7. h5 g5 8. Ng3 Nh6
9. f4 O-O 10. Bd3 Re8+ 11. Kf1 Bf8 12. Nc3 Bd6 13. Nce2 Bg4 14. Qd2 gxf4 15.
Nxf4 Qe7 16. Qf2 Qg7 17. Nfe2 Bxe2+ 18. Nxe2 Ng4 19. Qh4 Na6 20. h6 Qd7 21. Qh5
Ne3+ 22. Bxe3 Rxe3 23. Bf5 Qe7 24. Rh4 Kh8 25. Rg4 Rg8 26. Rxg8+ Kxg8 27. Kf2 {
#} 1-0

[Event "18e open International de Saint Affrique"]
[Site "Saint Affrique"]
[Date "2010.07.26"]
[Round "4.2"]
[White "Mladenov, Plamen"]
[Black "Gozzoli, Yannick"]
[Result "1/2-1/2"]
[WhiteElo "2363"]
[BlackElo "2520"]
[PlyCount "62"]
[EventDate "2010.??.??"]

1. c4 e5 2. Nc3 Nf6 3. g3 d5 4. cxd5 Nxd5 5. Bg2 Nb6 6. Nf3 Nc6 7. O-O Be7 8.
d3 O-O 9. a4 a5 10. Be3 Be6 11. Ne4 Nd5 12. Nc5 Nxe3 13. Nxe6 Qd6 14. fxe3 Qxe6
15. d4 Rad8 16. Qc2 e4 17. Nd2 f5 18. Qc4 Qxc4 19. Nxc4 h5 20. h3 g6 21. g4 h4
22. Rf2 Bg5 23. Bh1 Rd7 24. Raf1 Rdf7 25. Rg2 Rg7 26. Kh2 b6 27. gxf5 gxf5 28.
Rgf2 Rgf7 29. Rg1 Rg7 30. Rgf1 Rgf7 31. Rg1 Rg7 1/2-1/2

[Event "18e open International de Saint Affrique"]
[Site "Saint Affrique"]
[Date "2010.07.26"]
[Round "4.3"]
[White "Bissieres, Matthieu"]
[Black "Petkov, Vladimir"]
[Result "1/2-1/2"]
[WhiteElo "2344"]
[BlackElo "2496"]
[PlyCount "147"]
[EventDate "2010.??.??"]

1. e4 e5 2. Nf3 Nc6 3. Bb5 Nf6 4. O-O Nxe4 5. d4 a6 6. Bxc6 dxc6 7. Re1 Nf6 8.
dxe5 Qxd1 9. Rxd1 Nd5 10. h3 Bf5 11. Nd4 Bg6 12. c3 c5 13. Ne2 O-O-O 14. Nf4
Nxf4 15. Rxd8+ Kxd8 16. Bxf4 Kd7 17. c4 b5 18. cxb5 axb5 19. a4 b4 20. Nd2 Bc2
21. Rc1 b3 22. Nc4 Be7 23. Ne3 g5 24. Nxc2 gxf4 25. Na1 Rb8 26. Rc3 Ke6 27.
Nxb3 c4 28. Nd2 Rxb2 29. Nxc4 Rb4 30. a5 Ra4 31. Nb2 Ra1+ 32. Kh2 c5 33. Nd3
Rxa5 34. Nxf4+ Kxe5 35. g3 Kd6 36. Rd3+ Kc6 37. Rf3 c4 38. Ne2 Re5 39. Nc3 f5
40. Rf4 Kc5 41. Na4+ Kb5 42. Nc3+ Kb4 43. Nd1 Bg5 44. Rf3 Bd2 45. Kg2 h5 46.
Nb2 Rd5 47. Nd1 h4 48. Kf1 Rc5 49. Nb2 Bc1 50. Nd1 Bg5 51. Nc3 Bd2 52. Ne2 Rd5
53. Kg2 hxg3 54. fxg3 Bg5 55. Kf1 Bd8 56. Ke1 Ba5 57. g4 fxg4 58. hxg4 Rg5 59.
Rf4 Kb3+ 60. Kf1 Bc7 61. Rf7 Bd6 62. Rf6 Bb4 63. Rf4 Ra5 64. Rf5 Ra8 65. Kf2
Kc2 66. g5 Bd2 67. g6 Rg8 68. Rf6 Bg5 69. Rd6 Be7 70. Rc6 Kd3 71. Kf3 Bb4 72.
Rb6 Bc5 73. Rc6 Bb4 74. Rb6 1/2-1/2

[Event "18e open International de Saint Affrique"]
[Site "Saint Affrique"]
[Date "2010.07.26"]
[Round "4.4"]
[White "Le Roux, Jean-Pierre"]
[Black "Buscara, Sevan"]
[Result "1-0"]
[WhiteElo "2495"]
[BlackElo "2259"]
[PlyCount "71"]
[EventDate "2010.??.??"]

1. c4 Nf6 2. Nf3 c6 3. g3 d5 4. Qc2 g6 5. Bg2 Bg7 6. O-O O-O 7. b3 b6 8. Bb2
Bb7 9. d4 Na6 10. Nc3 Rc8 11. Rad1 Rc7 12. Rfe1 Qa8 13. e4 dxe4 14. Nxe4 Nxe4
15. Rxe4 c5 16. d5 Nb4 17. Qd2 Bxb2 18. Qxb2 e6 19. Ne5 exd5 20. cxd5 Nxd5 {#}
21. Rh4 f6 22. Ng4 Kg7 23. Qd2 Rd7 24. Ne3 g5 25. Rh5 Rfd8 26. Qc2 Rh8 27. Qf5
Qe8 28. Bxd5 Bxd5 29. Rxd5 Rxd5 30. Nxd5 Qg6 31. Qd7+ Qf7 32. Qxf7+ Kxf7 33.
Rh6 Rd8 34. Rxf6+ Kg7 35. Rf5 Kg6 36. g4 1-0

[Event "18e open International de Saint Affrique"]
[Site "Saint Affrique"]
[Date "2010.07.26"]
[Round "4.5"]
[White "Manouck, Thierry"]
[Black "Libiszewski, Fabien"]
[Result "0-1"]
[WhiteElo "2330"]
[BlackElo "2488"]
[PlyCount "61"]
[EventDate "2010.??.??"]

1. c4 e5 2. g3 Nf6 3. Bg2 h6 4. Nc3 Bb4 5. e4 Bxc3 6. dxc3 d6 7. f3 Be6 8. b3
Qd7 9. h4 Nc6 10. Be3 a6 11. a4 Ng8 12. Nh3 Nge7 13. g4 Na5 14. Bf1 h5 15. Ng5
hxg4 16. Nxe6 Qxe6 17. fxg4 Ng6 18. h5 Nf4 19. Rb1 O-O-O 20. Rb2 Kb8 21. Rf2 g6
22. Bxf4 exf4 23. Qd5 Qe8 24. b4 Nc6 25. Rxf4 Ne5 26. b5 a5 27. Be2 gxh5 28.
gxh5 Qg8 29. Qd4 Qg5 30. Rhf1 Rhe8 31. Kd1 0-1

[Event "18e open International de Saint Affrique"]
[Site "Saint Affrique"]
[Date "2010.07.26"]
[Round "4.6"]
[White "Schweitzer, Viktoriya"]
[Black "Colin, Vincent"]
[Result "0-1"]
[WhiteElo "2250"]
[BlackElo "2425"]
[PlyCount "76"]
[EventDate "2010.??.??"]

1. e4 c5 2. Nf3 Nc6 3. c3 d5 4. exd5 Qxd5 5. d4 e6 6. Be2 Nf6 7. O-O Be7 8. Be3
Ng4 9. Bf4 O-O 10. dxc5 Qxc5 11. h3 e5 12. Bd2 Nf6 13. Na3 Rd8 14. Qc1 e4 15.
Ne1 Qf5 16. Bf4 Nd5 17. Bg3 Bg5 18. Qc2 Qg6 19. Rd1 Be6 20. Bc4 f5 21. b4 f4
22. Qb3 Qf7 23. Bh2 a6 24. Qc2 Nf6 25. Rxd8+ Rxd8 26. Qe2 Ne5 27. Bxe6 Qxe6 28.
Nb1 Kh8 29. f3 e3 30. g3 fxg3 31. Bxg3 Nh5 32. Bh2 Nf4 33. Bxf4 Bxf4 34. Ng2
Ng6 35. Re1 Qxh3 36. Nxe3 Nh4 37. Nf1 Nxf3+ 38. Kf2 Nxe1 0-1

[Event "18e open International de Saint Affrique"]
[Site "Saint Affrique"]
[Date "2010.07.26"]
[Round "4.7"]
[White "Bedouin, Xavier"]
[Black "Gertosio, Franck"]
[Result "1-0"]
[WhiteElo "2403"]
[BlackElo "2130"]
[PlyCount "75"]
[EventDate "2010.??.??"]

1. e4 e6 2. d4 d5 3. e5 c5 4. c3 Qb6 5. Nf3 Nc6 6. a3 a5 7. Bd3 Bd7 8. Bc2 Nh6
9. O-O cxd4 10. cxd4 Nf5 11. Bxf5 exf5 12. Nc3 Be6 13. Na4 Qc7 14. Be3 Be7 15.
Rc1 O-O 16. Bg5 Rac8 17. Qd2 h6 18. Bxe7 Qxe7 19. h4 Kh8 20. g3 Rg8 21. Kg2 f6
22. Rfe1 Bf7 23. Qf4 Bh5 24. e6 Bxf3+ 25. Kxf3 Qe8 26. Kg2 Qh5 27. Nb6 Rce8 28.
Nxd5 Rd8 29. Ne3 Nxd4 30. e7 Rd7 31. Rcd1 g5 32. hxg5 hxg5 {#} 33. Rh1 gxf4 34.
Rxh5+ Kg7 35. Rxd4 Rxd4 36. Nxf5+ Kg6 37. Nxd4 Kxh5 38. Nf5 1-0

[Event "18e open International de Saint Affrique"]
[Site "Saint Affrique"]
[Date "2010.07.26"]
[Round "4.8"]
[White "Decroix, Paloan"]
[Black "Lejarre, Ludovic"]
[Result "0-1"]
[WhiteElo "2108"]
[BlackElo "2385"]
[PlyCount "80"]
[EventDate "2010.??.??"]

1. d4 Nf6 2. c4 g6 3. Nf3 Bg7 4. g3 O-O 5. Bg2 d6 6. O-O Nbd7 7. Nc3 e5 8. d5
a5 9. e4 Nc5 10. Qc2 Ne8 11. Be3 Bd7 12. Qd2 b6 13. Nh4 Bf6 14. Nf3 Be7 15. Ne1
f5 16. f4 exf4 17. Bxf4 fxe4 18. Nxe4 Nxe4 19. Bxe4 g5 20. Be3 Rxf1+ 21. Kxf1
Nf6 22. Bc2 Ng4 23. Bd4 Bf6 24. Nf3 Bxd4 25. Qxd4 Qf8 26. Kg2 Re8 27. Be4 Qh6
28. h4 gxh4 29. gxh4 Re7 30. Re1 Rg7 31. Kh1 Nf6 32. Rg1 Bg4 33. Nh2 Qxh4 34.
Rf1 {#} 34... Bf3+ 35. Rxf3 Nxe4 36. Qe3 Ng3+ 37. Rxg3 Rxg3 38. Qe8+ Kg7 39.
Qd7+ Kh8 40. Qxc7 Qe4+ 0-1

[Event "18e open International de Saint Affrique"]
[Site "Saint Affrique"]
[Date "2010.07.26"]
[Round "4.9"]
[White "Flear, Glenn C"]
[Black "Houard, Yannick"]
[Result "1-0"]
[WhiteElo "2510"]
[BlackElo "2238"]
[PlyCount "132"]
[EventDate "2010.??.??"]

1. d4 d5 2. c4 c6 3. Nf3 Nf6 4. Nc3 dxc4 5. a4 Bf5 6. e3 e6 7. a5 Bb4 8. Qa4
Qe7 9. Bxc4 O-O 10. O-O Nbd7 11. Qb3 b5 12. axb6 axb6 13. Rxa8 Rxa8 14. Nh4 Bg6
15. f3 Nd5 16. Nxg6 hxg6 17. Ne2 b5 18. Bd3 N5f6 19. e4 e5 20. Be3 Rd8 21. Rc1
exd4 22. Nxd4 Bc5 23. Bf1 Bxd4 24. Bxd4 c5 25. Bf2 b4 26. Bb5 Rc8 27. Qe3 Qe5
28. b3 Qb2 29. h3 Ra8 30. Rd1 Ra1 31. Qe1 Rxd1 32. Qxd1 Nf8 33. Bxc5 Qe5 34.
Qd6 Qa1+ 35. Kh2 Ne6 36. Bc4 Nxc5 37. Qxc5 Nh5 38. Qe7 Qf6 39. Qxf6 Nxf6 40.
Kg3 Kf8 41. Kf4 Nd7 42. Ke3 Ke7 43. Kd4 f6 44. f4 Kd6 45. h4 g5 46. hxg5 fxg5
47. e5+ Ke7 48. fxg5 Nf8 49. Bg8 Kd7 50. Bf7 Ke7 51. e6 Nh7 52. g6 Nf6 53. Kc5
Ne4+ 54. Kxb4 Kd6 55. Ka5 Nc3 56. b4 Nd5 57. b5 Kc7 58. Ka6 Nb4+ 59. Ka7 Nd5
60. g3 Nb6 61. Ka6 Nc8 62. b6+ Kb8 63. Kb5 Kb7 64. Kc5 Nxb6 65. e7 Nd7+ 66. Kd6
Nf6 1-0

[Event "18e open International de Saint Affrique"]
[Site "Saint Affrique"]
[Date "2010.07.26"]
[Round "4.10"]
[White "Karpatchev, Aleksandr"]
[Black "Lenfant, Francois"]
[Result "1-0"]
[WhiteElo "2476"]
[BlackElo "2082"]
[PlyCount "61"]
[EventDate "2010.??.??"]

1. e4 e6 2. d4 d5 3. Nd2 Nf6 4. e5 Nfd7 5. c3 c5 6. Bd3 b6 7. Nh3 Ba6 8. Bxa6
Nxa6 9. O-O Nc7 10. Qg4 g6 11. Nf3 c4 12. b3 b5 13. Bg5 Qc8 14. Rfb1 a5 15.
bxc4 dxc4 16. Bd2 Nb6 17. a4 b4 18. cxb4 axb4 19. Bxb4 Bxb4 20. Rxb4 Ncd5 21.
Rbb1 Nxa4 22. Nfg5 Nac3 {#} 23. Nxf7 Kxf7 24. Ng5+ Kg7 25. Rxa8 Qxa8 26. Nxe6+
Kg8 27. Ng5 Nxb1 28. Qe6+ Kg7 29. Qf6+ Kh6 30. Nf7+ Kh5 31. Qg5# 1-0

[Event "18e open International de Saint Affrique"]
[Site "Saint Affrique"]
[Date "2010.07.26"]
[Round "4.17"]
[White "Marie, Maxime"]
[Black "Cilla, Mario"]
[Result "0-1"]
[WhiteElo "2267"]
[BlackElo "1983"]
[PlyCount "68"]
[EventDate "2010.??.??"]

1. c4 f5 2. g3 e5 3. Bg2 Nf6 4. Nc3 Bc5 5. e3 Nc6 6. Nge2 O-O 7. d4 exd4 8.
exd4 Bb4 9. O-O d6 10. Na4 d5 11. c5 b5 12. a3 bxa4 13. axb4 Nxb4 14. Qxa4 a5
15. Nc3 Bd7 16. Qb3 Ne4 17. Nxe4 fxe4 18. Bxe4 Bb5 19. Re1 Bc4 20. Qc3 Na2 21.
Qc2 Nb4 22. Bxh7+ Kh8 23. Qb1 Qf6 24. Bf4 Qxd4 25. Qg6 Bd3 26. Qh5 Bxh7 27. Re7
Nd3 28. Be3 Qf6 29. Rxc7 d4 30. Bg5 Qxf2+ 31. Kh1 Rae8 32. Re7 Rxe7 33. Bxe7
Ne1 34. Qh3 Qf1+ 0-1

[Event "18e open International de Saint Affrique"]
[Site "Saint Affrique"]
[Date "2010.07.26"]
[Round "4.18"]
[White "Delorme, Laurie"]
[Black "Bonnet, Philippe"]
[Result "0-1"]
[WhiteElo "2237"]
[BlackElo "1971"]
[PlyCount "86"]
[EventDate "2010.??.??"]

1. d4 d5 2. Nf3 Nf6 3. c4 c6 4. Nc3 g6 5. h3 Bg7 6. Bf4 O-O 7. e3 Bf5 8. Be2
Qb6 9. Qb3 Nbd7 10. O-O Qxb3 11. axb3 a6 12. g4 Be6 13. Ng5 h6 14. Nxe6 fxe6
15. Be5 g5 16. f4 Ne8 17. b4 Nd6 18. b3 Nf6 19. Bd3 Rad8 20. Ra5 gxf4 21. exf4
Nfe4 22. Nb1 Rc8 23. Ra2 Kf7 24. Rg2 Bf6 25. g5 Bg7 26. Na3 Nf5 27. Nc2 Rcd8
28. c5 Nc3 29. Re1 Bxe5 30. Rxe5 Nh4 31. Rg3 hxg5 32. fxg5 Rg8 33. Kf1 Rdf8 34.
Ke1 Ke8 35. Ree3 Rf4 36. g6 e5 37. dxe5 d4 38. Nxd4 Rxd4 39. g7 Kf7 40. Bc4+
Nd5 41. e6+ Kf6 42. Re2 Rxg7 43. Rf2+ Rf4 0-1

[Event "18e open International de Saint Affrique"]
[Site "Saint Affrique"]
[Date "2010.07.26"]
[Round "4.25"]
[White "Chitrit, Norbert"]
[Black "Le Bailly, Baptiste"]
[Result "1-0"]
[WhiteElo "1941"]
[BlackElo "2147"]
[PlyCount "83"]
[EventDate "2010.??.??"]

1. e4 e5 2. Nf3 Nc6 3. Bb5 f5 4. d4 fxe4 5. Bxc6 dxc6 6. Nxe5 Nf6 7. c4 Bd6 8.
f4 exf3 9. Nxf3 Qe7+ 10. Qe2 Qxe2+ 11. Kxe2 Bg4 12. c5 Be7 13. Nc3 O-O-O 14.
Be3 Nd5 15. Nxd5 Rxd5 16. h3 Bxf3+ 17. Kxf3 Bf6 18. Rhd1 Rhd8 19. Ke4 Kd7 20.
g4 Ke6 21. Rab1 Kf7 22. Rd3 R5d7 23. Rbd1 Re8+ 24. Kf3 Rd5 25. Ra3 Ra8 26. b4
a6 27. Rb3 Rad8 28. Ke4 b5 29. Ra3 Re8+ 30. Kf3 Ra8 31. Rdd3 Rdd8 32. g5 Be7
33. Bf4 Kg6 34. Kg4 Rd5 35. h4 h5+ 36. gxh6 gxh6 37. Bxc7 Bf6 38. Be5 h5+ 39.
Kg3 Be7 40. Kh3 Rd7 41. Rg3+ Kh6 42. Raf3 1-0

[Event "18e open International de Saint Affrique"]
[Site "Saint Affrique"]
[Date "2010.07.26"]
[Round "4.34"]
[White "Cattaneo, Romain"]
[Black "Rodriguez, Angel"]
[Result "1-0"]
[WhiteElo "1849"]
[BlackElo "2091"]
[PlyCount "113"]
[EventDate "2010.??.??"]

1. e4 c5 2. Nf3 e6 3. d3 Nc6 4. g3 Nf6 5. c3 d5 6. Qc2 b6 7. Bg2 Be7 8. O-O O-O
9. Bf4 Ba6 10. Re1 Rc8 11. a4 dxe4 12. dxe4 Bd3 13. Qc1 Bxe4 14. Rd1 Qe8 15.
Na3 Na5 16. Qe3 Nb3 17. Nb5 Nxa1 18. Rxa1 Qd7 19. Ne5 Qb7 20. Bxe4 Nxe4 21.
Nxa7 Qxa7 22. Qxe4 Bf6 23. Ng4 Qe7 24. h4 h5 25. Nxf6+ Qxf6 26. a5 bxa5 27.
Rxa5 Qd8 28. b4 Qd1+ 29. Kg2 cxb4 30. cxb4 Rfd8 31. Rg5 {#} 31... Rd5 32. Be5
Rxe5 33. Qxe5 Qd5+ 34. Qxd5 exd5 35. Rxd5 g6 36. Rd3 Kf8 37. Kf3 Ke7 38. b5 Rb8
39. Rb3 Rb6 40. Ke4 Kd6 41. Kd4 Rb8 42. b6 Rb7 43. Kc4 Kc6 44. Rf3 Kxb6 45.
Rb3+ Kc6 46. Rxb7 Kxb7 47. Kd5 Kc7 48. Ke5 Kd7 49. Kf6 Ke8 50. f3 Kf8 51. f4
Kg8 52. f5 gxf5 53. Kxf5 Kg7 54. Kg5 Kh7 55. Kxh5 f6 56. Kg4 Kg6 57. Kf4 1-0

[Event "18e open International de Saint Affrique"]
[Site "Saint Affrique"]
[Date "2010.07.26"]
[Round "4.36"]
[White "Tesan, Michael"]
[Black "Berard, Jean-Claude"]
[Result "1-0"]
[WhiteElo "2080"]
[BlackElo "1826"]
[PlyCount "29"]
[EventDate "2010.??.??"]

1. d4 d5 2. c4 e6 3. Nf3 Nf6 4. g3 c6 5. Qc2 Nbd7 6. Bg2 dxc4 7. Qxc4 Nb6 8.
Qc2 Bb4+ 9. Nbd2 Qd5 10. O-O Bxd2 11. Bxd2 O-O 12. Bc3 Qe4 13. Qd2 Nc4 14. Qe1
Nd5 15. Ne5 1-0

[Event "Saint-Affrique"]
[Site "Saint-Affrique"]
[Date "2010.07.24"]
[Round "1"]
[White "BONOT, Bernard"]
[Black "MANIA, Clement"]
[Result "0-1"]
[WhiteElo "1595"]
[BlackElo "2127"]
[PlyCount "92"]
[EventDate "2010.??.??"]

{1300MB, Rybka3Gen.ctg} 1. b3 d6 2. Bb2 Bg4 3. h3 Bh5 4. g4 Bg6 5. Bg2 c6 6.
Nf3 e5 7. d4 e4 8. Nh2 d5 9. e3 Bd6 10. f4 exf3 11. Nxf3 Bg3+ 12. Ke2 Nf6 13.
Ne5 Bxe5 14. dxe5 Ne4 15. Bxe4 Bxe4 16. Rg1 Qh4 17. Qf1 O-O 18. c4 dxc4 19.
bxc4 Rd8 20. Qf4 Bd3+ 21. Kf3 Qxh3+ 22. Qg3 Qxg3+ 23. Kxg3 Bxc4 24. Na3 Be6 25.
Kf4 Nd7 26. Rgd1 Nc5 27. Bd4 Na6 28. Nc2 Rd7 29. e4 Rad8 30. Rab1 c5 31. Ke3
cxd4+ 32. Rxd4 Rxd4 33. Nxd4 Nc5 34. g5 Bxa2 35. Ra1 Bc4 36. Rxa7 Ba6 37. Kf4
Ne6+ 38. Nxe6 fxe6 39. Ke3 Kf7 40. Kf4 Ke7 41. Ke3 Kd7 42. Kd4 Kc6+ 43. Kc3 Kb6
44. Rxa6+ bxa6 45. Kc4 a5 46. Kc3 Kc5 0-1